<?xml version="1.0" encoding="UTF-8"?>
<record
    xmlns:xsi="http://www.w3.org/2001/XMLSchema-instance"
    xsi:schemaLocation="http://www.loc.gov/MARC21/slim http://www.loc.gov/standards/marcxml/schema/MARC21slim.xsd"
    xmlns="http://www.loc.gov/MARC21/slim">

  <leader>00553nam a22001817a 4500</leader>
  <datafield tag="999" ind1=" " ind2=" ">
    <subfield code="c">7902</subfield>
    <subfield code="d">7902</subfield>
  </datafield>
  <controlfield tag="003">OSt</controlfield>
  <controlfield tag="005">20240529140936.0</controlfield>
  <controlfield tag="008">240529b           ||||| |||| 00| 0 eng d</controlfield>
  <datafield tag="040" ind1=" " ind2=" ">
    <subfield code="a">CDMR</subfield>
    <subfield code="b">cat</subfield>
    <subfield code="c">CDMR</subfield>
  </datafield>
  <datafield tag="100" ind1="0" ind2=" ">
    <subfield code="9">1346</subfield>
    <subfield code="a">Kap</subfield>
  </datafield>
  <datafield tag="245" ind1=" " ind2=" ">
    <subfield code="a">JMS </subfield>
    <subfield code="b">: Josep Maria Serra : l'art del dibuix de premsa </subfield>
    <subfield code="c">/ [per Jaume Capdevila]</subfield>
  </datafield>
  <datafield tag="260" ind1=" " ind2=" ">
    <subfield code="a">[Barcelona </subfield>
    <subfield code="b">: s.n.], </subfield>
    <subfield code="c">2024</subfield>
  </datafield>
  <datafield tag="300" ind1=" " ind2=" ">
    <subfield code="a">65 p&#xE0;gines</subfield>
  </datafield>
  <datafield tag="600" ind1=" " ind2="0">
    <subfield code="9">4947</subfield>
    <subfield code="a">Serra, Josep Maria</subfield>
    <subfield code="d">(1922-2002)</subfield>
  </datafield>
  <datafield tag="650" ind1=" " ind2="0">
    <subfield code="9">3384</subfield>
    <subfield code="a">Dibuixants</subfield>
    <subfield code="z">Catalunya</subfield>
  </datafield>
  <datafield tag="650" ind1=" " ind2="0">
    <subfield code="9">3084</subfield>
    <subfield code="a">Humorisme gr&#xE0;fic</subfield>
    <subfield code="z">Catalunya</subfield>
  </datafield>
  <datafield tag="942" ind1=" " ind2=" ">
    <subfield code="2">udc</subfield>
    <subfield code="c">MON</subfield>
  </datafield>
  <datafield tag="952" ind1=" " ind2=" ">
    <subfield code="0">0</subfield>
    <subfield code="1">0</subfield>
    <subfield code="4">0</subfield>
    <subfield code="7">1</subfield>
    <subfield code="a">CDMR</subfield>
    <subfield code="b">CDMR</subfield>
    <subfield code="d">2024-05-29</subfield>
    <subfield code="e">Donaci&#xF3;</subfield>
    <subfield code="l">0</subfield>
    <subfield code="o">Di 5/56</subfield>
    <subfield code="p">CDMR24050017</subfield>
    <subfield code="r">2024-05-29</subfield>
    <subfield code="w">2024-05-29</subfield>
    <subfield code="y">MON</subfield>
  </datafield>
</record>
